Normal view
MARC view
- Manzoor, Muhammad Usama
Entry Personal Name
001 - CONTROL NUMBER
- control field: 132645
003 - CONTROL NUMBER IDENTIFIER
- control field: NUST
005 - DATE AND TIME OF LATEST TRANSACTION
- control field: 20251231120701.0
008 - FIXED-LENGTH DATA ELEMENTS
- fixed length control field: 251231|| aca||aabn | a|a d
040 ## - CATALOGING SOURCE
- Original cataloging agency: NUST
- Transcribing agency: NUST
100 ## - HEADING--PERSONAL NAME
- Personal name: Manzoor, Muhammad Usama
670 ## - SOURCE DATA FOUND
- Source citation: Work cat.: (NUST): Manzoor, Muhammad Usama, Cold Gas Thrusters-Based Attitude Control for Autonomous Platforms Using Reinforcement Learning/
